| 000 | 00493nam a22001697a 4500 | ||
|---|---|---|---|
| 999 |
_c62264 _d62264 |
||
| 005 | 20240909115344.0 | ||
| 008 | 240909c2011 enk||||| |||| 00| 0 eng d | ||
| 022 | _a 0017 8322 | ||
| 041 | _aeng | ||
| 245 |
_aHastings Law Journal : _b2011 / _c Editor J. L. Granitz. |
||
| 260 |
_aCalifornia, _c2011. |
||
| 300 | _aV. | ||
| 653 | _aსამართალი | ||
| 653 | _aპერიოდიკა | ||
| 700 |
_aGranitz, J. L. _eრედაქტორი _923183 |
||
| 942 |
_2udc _cCR |
||